000 00496nam a2200181 a 4500
001 1504
003 CO-ViMGA
008 141112s2004 ck r 000 u spa d
040 _aCO-ViMGA
_bspa
_cCO-ViMGA
082 0 4 _a463.1 Q845o
100 1 _aQuintero Jimenez, Consuelo
_949903
245 1 0 _aOrtografia educativa /
_cQuintero Consuelo , Ramirez Gloria
260 _aBogotá :
_bEducativa,
_c1994
300 _a108 p : il
650 1 4 _aESPAÑOL
650 1 4 _aORTOGRAFIA
_96186
942 _2ddc
_cBK
999 _c13691
_d13691